Statistiques concernant Trouver les sports avec image.

Cliquez ici pour prendre le quiz!

Statistiques générales

  • Ce quiz a été pris 176 fois
  • Le résultat moyen est 14 sur 16

Statistiques - réponses

Réponse% Correct
Basket
100%
Foot
100%
Ski
100%
Tennis
100%
Rugby
99%
Equitation
98%
Golf
98%
Volley
98%
Handball
97%
Natation
97%
Gymnastique
96%
Tennis de Table
92%
Danse
91%
Badminton
90%
Patinage Artistique
86%
Patinage Artistique à Roulettes
1%

Distribution des résultats

Percentile par nombre de réponses

% des personnes avec chaque résultat

Votre développement - résultats

Vous n’avez pas pris ce quiz